| Tag |
First Indicator |
Second Indicator |
Subfields |
| LEADER |
00000cam a2200000 a 4500 |
| 001 |
in00000089224 |
| 005 |
20151008065348.0 |
| 008 |
760109s1975 ilua b 00110 engm |
| 010 |
|
|
|a 74027274
|
| 020 |
|
|
|a 0528680579
|
| 035 |
|
|
|a (OCoLC)01658908
|
| 035 |
|
|
|9 AAK5819AM
|
| 040 |
|
|
|a DLC
|c DLC
|d m.c.
|d TXA
|d UtOrBLW
|
| 043 |
|
|
|a n-us---
|
| 049 |
|
|
|a TXAM
|c [1561380]
|
| 050 |
0 |
0 |
|a HQ535
|b .A56 1975
|
| 082 |
0 |
|
|a 301.42/0973
|
| 100 |
1 |
|
|a Adams, Bert N.
|
| 245 |
1 |
4 |
|a The family :
|b a sociological interpretation /
|c Bert N. Adams.
|
| 250 |
|
|
|a 2nd ed.
|
| 264 |
|
1 |
|a Chicago :
|b Rand McNally College Pub. Co.,
|c [1975]
|
| 264 |
|
4 |
|c ©1975
|
| 300 |
|
|
|a xiii, 412 pages :
|b illustrations ;
|c 24 cm.
|
| 336 |
|
|
|a text
|b txt
|2 rdacontent
|
| 337 |
|
|
|a unmediated
|b n
|2 rdamedia
|
| 338 |
|
|
|a volume
|b nc
|2 rdacarrier
|
| 490 |
1 |
|
|a Rand McNally sociology series
|
| 500 |
|
|
|a Previously published as: The American family. 1970.
|
| 504 |
|
|
|a Includes bibliographical references and indexes.
|
| 650 |
|
0 |
|a Families
|z United States.
|
| 830 |
|
0 |
|a Rand McNally sociology series.
|
| 999 |
|
|
|a MARS
|
| 999 |
f |
f |
|s 99aeb81b-4bc4-328b-b46f-72c23a80e980
|i 92336360-dc26-38b5-b338-e4c10fe47d96
|t 0
|
| 952 |
f |
f |
|p ric
|a Texas A&M University
|b Rellis Campus
|c Joint Library Facility
|d Remote Storage
|t 0
|e HQ535 .A56 1975
|h Library of Congress classification
|i unmediated -- volume
|m A14806141788
|
| 998 |
f |
f |
|a HQ535 .A56 1975
|t 0
|l Remote Storage
|